| 000 | 00420nam a22001577a 4500 | ||
|---|---|---|---|
| 003 | OSt | ||
| 005 | 20151001094447.0 | ||
| 008 | 151001b xxu||||| |||| 00| 0 eng d | ||
| 040 | _cRUA | ||
| 082 | _aAVM ឡំា 1993 B067 Or.1 | ||
| 100 |
_91648 _aឡំា សុខា |
||
| 245 | _aជម្ងឺ Dermatophilosis គោ, | ||
| 260 |
_aphnom penh _bRUA _c1993 |
||
| 300 |
_a75p. _bill. _c29cm. |
||
| 942 |
_2ddc _cAVM |
||
| 999 |
_c1556 _d1556 |
||